000 00652nam a2200241 a 4500
001 51794
003 BD-RjUL
005 20211209075719.0
008 160904r19891980nyua|||| |||| 001 0 eng d
020 _a0394379187
035 _a(BD-RjUL)51914
040 _aBD-RjUL
_beng
_cBD-RjUL
_dBD-RjUL
041 _aeng
082 _223
_a330
_bSCE 1989
100 1 _aSchiller, Bradley R.
_9141798
245 1 4 _aThe economic today /
_cBradley R. Schiller
250 _a4th ed.
260 _aNew York :
_bRandom house,
_c1980, c1989
300 _axxxi, 934 p. :
_bill. ;
_c23 cm.
500 _aInclude index
650 _aEconomics
_9141799
942 _2ddc
_cBK
999 _c51794
_d51794